| 000 | 00531nam a2200181Ia 4500 | ||
|---|---|---|---|
| 008 | 090630s9999 xx 000 0 und d | ||
| 082 | _b27370 | ||
| 100 | _aदिवाण वृंदा. | ||
| 245 |
_aनिग्रह. _cदिवाण वृंदा. |
||
| 260 |
_bअजब. _c2007 |
||
| 300 | _a240 | ||
| 600 | _aदिवाण वृंदा. | ||
| 630 | _aनिग्रह. | ||
| 655 | _aलघुकथा. | ||
| 700 | _aदिवाण वृंदा. | ||
| 730 | _aनिग्रह. | ||
| 942 | _cBOOK | ||
| 999 |
_c279226 _d279226 |
||